000 00442nam a2200181Ia 4500
001 21248
005 20260306172905.0
008 260306t2020||||xx |||||||||||||| ||spa||
041 _aESP
082 _a344.410985
_bCH533
100 _aChávez Cotrina, Jorge W.
_eAUT
245 0 _aEl crimen organizado en el Perú
260 _c2020
300 _a893 páginas :
_c25 cm.
650 _aGEN
654 _aCDE
942 _cLIB
_dJUS
_fJUS
_2ddc
_n
999 _c21248
_d21248